Symmetric functions and polynomials (Mathematics essentials) (Record no. 755731)

MARC details
000 -LEADER
fixed length control field 00461nam a22001577a 4500
020 ## - INTERNATIONAL STANDARD BOOK NUMBER
ISBN 9781647254629
245 ## - TITLE STATEMENT
Title Symmetric functions and polynomials (Mathematics essentials)
260 ## - PUBLICATION, DISTRIBUTION, ETC. (IMPRINT)
Place of publication New York
Name of publisher NY research press
Year of publication 2023
300 ## - PHYSICAL DESCRIPTION
Number of Pages vi+243
650 ## - SUBJECT ADDED ENTRY--TOPICAL TERM
Topical Term Complex variable
650 ## - SUBJECT ADDED ENTRY--TOPICAL TERM
Topical Term Laplace transformation
650 ## - SUBJECT ADDED ENTRY--TOPICAL TERM
Topical Term Bernoulli polynomials
700 ## - ADDED ENTRY--PERSONAL NAME
Personal name Adams, Alma (Editor)
942 ## - ADDED ENTRY ELEMENTS (KOHA)
Source of classification or shelving scheme Dewey Decimal Classification
Koha item type Book
Holdings
Withdrawn status Lost status Source of classification or shelving scheme Damaged status Not for loan Collection code Home Library Current Location Shelving location Date acquired Source of acquisition Cost, normal purchase price Full call number Accession Number Price effective from Koha item type
    Dewey Decimal Classification   Not For Loan Reference Dept. of Mathematics Dept. of Mathematics Reference 19/01/2026 Book Bay, Trivandrum 14646.25 515.22 ADA-S MAT8170 04/02/2026 Book